90 secs Countries of the World: by any 3 consecutive letters - Statistics

General Stats
  • This quiz has been taken 16,750 times
  • The average score is 82 of 196
Answer Stats
COUNTRY % Correct
Saint Vincent and the Grenadines
86%
Tunisia
86%
United Arab Emirates
85%
Mauritania
83%
United States
83%
United Kingdom
82%
Solomon Islands
79%
Thailand
79%
Netherlands
78%
New Zealand
78%
Bosnia and Herzegovina
76%
Finland
76%
Ireland
76%
Poland
76%
Iceland
75%
Afghanistan
74%
Switzerland
74%
Marshall Islands
73%
Saint Kitts and Nevis
73%
Algeria
72%
Antigua and Barbuda
72%
Swaziland
72%
Australia
71%
Austria
71%
Nigeria
71%
Turkmenistan
70%
China
69%
Dominican Republic
69%
Somalia
69%
Central African Republic
68%
Indonesia
68%
Russia
68%
Trinidad and Tobago
68%
South Africa
67%
Federated States of Micronesia
65%
Kazakhstan
65%
Malaysia
65%
Pakistan
64%
Romania
64%
Rwanda
64%
Uganda
64%
Belarus
63%
Equatorial Guinea
63%
North Korea
63%
São Tomé and Príncipe
63%
Uzbekistan
63%
Albania
62%
Andorra
62%
Kyrgyzstan
62%
Slovenia
62%
South Korea
62%
Tajikistan
62%
Vatican City
62%
Norway
61%
Tanzania
61%
South Sudan
60%
Chile
59%
Canada
57%
Estonia
56%
India
56%
Germany
55%
Guatemala
55%
Mongolia
55%
Armenia
54%
Saudi Arabia
54%
Democratic Republic of the Congo
52%
Lithuania
52%
Argentina
51%
Brazil
51%
France
51%
Bhutan
50%
Liberia
50%
Sweden
50%
Italy
49%
Japan
49%
Niger
49%
Papua New Guinea
48%
Republic of the Congo
48%
Colombia
47%
Cyprus
47%
Macedonia
47%
Costa Rica
45%
Malawi
45%
Panama
45%
Zambia
45%
Bulgaria
43%
Denmark
43%
Suriname
43%
Guinea-Bissau
42%
Mali
42%
Namibia
42%
Maldives
41%
Malta
41%
Serbia
41%
Belgium
40%
Nicaragua
40%
Saint Lucia
40%
Syria
40%
Belize
39%
Burkina Faso
39%
Dominica
39%
Gambia
39%
Spain
39%
Cambodia
37%
Grenada
36%
Portugal
36%
Iran
35%
Paraguay
35%
Mexico
34%
Bahrain
33%
Singapore
33%
Uruguay
33%
Bolivia
32%
Guinea
32%
Iraq
32%
Croatia
31%
Montenegro
31%
Ukraine
31%
Bangladesh
30%
Czech Republic
30%
Latvia
30%
Bahamas
29%
Ghana
29%
Jamaica
29%
Monaco
29%
Oman
29%
Burundi
28%
Comoros
28%
Greece
28%
Sri Lanka
28%
Botswana
27%
Côte d'Ivoire
27%
East Timor
27%
Guyana
27%
Turkey
27%
Vietnam
27%
San Marino
26%
Slovakia
26%
Mozambique
25%
Egypt
24%
Ethiopia
24%
Madagascar
24%
Peru
24%
Venezuela
24%
Angola
23%
Cameroon
23%
Chad
23%
Philippines
23%
Sudan
23%
Zimbabwe
23%
Cuba
22%
Haiti
22%
Palau
22%
Morocco
21%
Nauru
21%
Barbados
20%
Eritrea
20%
Georgia
20%
Hungary
20%
Lebanon
20%
Mauritius
20%
Nepal
20%
Yemen
20%
Azerbaijan
19%
Ecuador
19%
Honduras
19%
Jordan
18%
El Salvador
17%
Libya
17%
Senegal
17%
Tonga
16%
Burma
15%
Seychelles
15%
Benin
14%
Fiji
14%
Israel
14%
Kiribati
14%
Liechtenstein
14%
Qatar
14%
Djibouti
13%
Kenya
13%
Kosovo
13%
Luxembourg
13%
Moldova
13%
Gabon
12%
Laos
12%
Brunei
11%
Samoa
11%
Taiwan
11%
Vanuatu
11%
Kuwait
10%
Lesotho
10%
Sierra Leone
10%
Togo
10%
Tuvalu
10%
Cape Verde
6%
No matching quizzes found
Score Distribution
Percent of People with Each Score
Percentile by Number Answered
Your Score History
You have not taken this quiz